000 00487nam a2200181Ia 4500
005 20250326124503.0
008 250326s9999 xx 000 0 und d
037 _aTextbook
040 _aFMSL
_beng
_cFMSL
041 _aeng
_2eng
084 _aX:8 K5
_qFMSL
100 _aStrong E P
_9737480
245 0 _aManagement of business: interoduction
_cStrong E P
260 _aNY
_bNY, Harper & Row
_c1965
300 _a543p
942 _cTB
_hX:8 K5
999 _c1273910
_d1273910